| 000 | 00874nam a2200229 4500 | ||
|---|---|---|---|
| 005 | 20251105085323.0 | ||
| 008 | 251105b ||||| |||| 00| 0 eng d | ||
| 020 | _a9786214880027 | ||
| 082 | _aDFil 303.34 L712 2024 | ||
| 100 |
_aLiteral, Benigno B. _946559 |
||
| 245 |
_aCharacter formation 2 : _bleadership, decision making, management and administration / _cBenigno B. Literal [and three others]. |
||
| 250 | _aThird edition. | ||
| 260 |
_aQuezon City : _bChapter House Publishing Incorporated, _c©2024. |
||
| 300 |
_a185 pages : _billustrations ; _c22 cm. |
||
| 500 | _aIncludes bibliographical references. | ||
| 650 |
_aLeadership. _946560 |
||
| 650 |
_aExecutive ability. _942180 |
||
| 700 |
_aSalamanca, Bayani H. _eauthor. _943942 |
||
| 700 |
_aSantos, Mercenario I. _eauthor. _946561 |
||
| 700 |
_aTabajonda, Raymond R. _eauthor. _946562 |
||
| 942 |
_2ddc _cDFIL |
||
| 999 |
_c24148 _d24148 |
||